Prevención, diagnóstico y manejo de las complicaciones en pacientes oncológicos : un enfoque multidisciplinario /

Bibliographic Details
Main Author: Jerves Andrade, Miguel (Author, Editor)
Other Authors: Ruilova González, Lizbet (Editor), Duque Proaño, Galo (Editor)
Format: Electronic eBook
Language:Spanish
Published: Cuenca, Ecuador : Universidad del Azuay, Casa Editora, [2022]
Series:Homo (Universidad del Azuay, Casa Editora)
Subjects:
Online Access:Digitalia Hispánica

MARC

LEADER 00000nam a2200000 i 4500
001 DIGUAZUAY0170
003 NyNyDIG
007 cr |||||||||||
008 260115s2022 ec a ob 000 0 spa d
006 m o d
035 |a (OCoLC)1569883826 
040 |a DGITA  |b eng  |e rda  |e pn  |c DGITA 
020 |a 9789942847621  |q eBook 
020 |z 9789942847638 
050 1 4 |a RC262 ebook 
245 0 0 |a Prevención, diagnóstico y manejo de las complicaciones en pacientes oncológicos :  |b un enfoque multidisciplinario /  |c coordinadores, Miguel Jerves Andrade, Lizbet Ruilova González, Galo Duque Proaño ; autores, Miguel Jerves Andrade [and 26 others]. 
264 1 |a Cuenca, Ecuador :  |b Universidad del Azuay, Casa Editora,  |c [2022] 
300 |a 1 online resource :  |b illustrations. 
336 |a text  |b txt  |2 rdacontent 
337 |a computer  |b c  |2 rdamedia 
338 |a online resource  |b cr  |2 rdacarrier 
347 |a text file  |2 rdaft 
347 |b PDF 
490 1 |a Homo 
504 |a Includes bibliographical references. 
588 0 |a Online resource; title from PDF title page (Digitalia, viewed January 15, 2026) 
650 0 |a Cancer  |x Complications. 
650 0 |a Cancer  |x Patients. 
700 1 |a Jerves Andrade, Miguel,  |e editor,  |e author. 
700 1 |a Ruilova González, Lizbet,  |e editor. 
700 1 |a Duque Proaño, Galo,  |e editor. 
791 2 |a Digitalia (Firm),  |e distributor. 
793 0 |g Digitalia eBook Collection:  |a Universidad del Azuay 
776 0 8 |i Print version:  |t Prevención, diagnóstico y manejo de las complicaciones en pacientes oncológicos.  |d Cuenca, Ecuador : Universidad del Azuay, Casa Editora, [2022]  |z 9789942847638 
830 0 |a Homo (Universidad del Azuay, Casa Editora) 
856 4 0 |3 Digitalia Hispánica  |u https://www.digitaliapublishing.com/a/133555/ 
910 |a Premium collection: 2026